La Agricultura campesina en Costa Rica: alternativas y desafíos en la transformación productiva del agro . Capítulo II: Potencial y viabilidad de algunas alternativas de producción campesina /

A partir de 1989 se inicia una vertiginosa crisis en el sector cafetalero. En 1992, los precios internacionales del café llegan a estar un 70 porciento por debajo de los existentes previamente. La crisis provoca cambios cualitativos y cuantitativos en el sector como transformaciones tecnológicas y u...

Description complète

Enregistré dans:
Détails bibliographiques
Auteur principal: Masís Morales, German
Collectivités auteurs: Instituto para el Desarrollo y la Acción Social, Universidad de Costa Rica. Facultad de Ciencias Sociales. Instituto de Investigaciones Sociales
Autres auteurs: Rodríguez Solera, Carlos Rafael
Format: Texte
Publié: San José: IDEAS
Sujets:
Tags: Ajouter un tag
Pas de tags, Soyez le premier à ajouter un tag!

MARC

LEADER 00000 a a2200000 04500
001 28820
003
040
020 |a 9968-736-01-5  
090 |a 189802  
100 |a Masís Morales, German  
110 |a Instituto para el Desarrollo y la Acción Social  
245 |a La Agricultura campesina en Costa Rica: alternativas y desafíos en la transformación productiva del agro . Capítulo II: Potencial y viabilidad de algunas alternativas de producción campesina /  |c Instituto para el Desarrollo y la Acción Social  
260 |a San José:   |b IDEAS  
300 |a 349 p  
520 |a A partir de 1989 se inicia una vertiginosa crisis en el sector cafetalero. En 1992, los precios internacionales del café llegan a estar un 70 porciento por debajo de los existentes previamente. La crisis provoca cambios cualitativos y cuantitativos en el sector como transformaciones tecnológicas y una reducción severa de la compra de semillas. Luego de muchos intentos inútiles surge la producción orgánica como una alternativa de comercialización dándole al mundo un producto amistoso con el ambiente y socioeconómicamente justo porque beneficia a los pequeños agricultores. Junto a esta alternativa, el cambio en los sistemas de beneficiado y procesamiento del café para hacerlos más amigables con el ambiente ha traido beneficios al país. El café ha constituido desde sus inicios un factor de desarrollo socioeconómico nacional, fuente de empleo para muchos costarricenses y extranjeros. El café orgánico, apenas comienza a mostrar sus posibilidades para una integración socioeconómica nacional  
650 |a CAFE  
650 |a CRISIS  
650 |a AGRICULTURA ORGANICA  
650 |a PEQUEÑOS AGRICULTORES  
650 |a DIVERSIFICACION DE LA PRODUCCION  
650 |a COMERCIALIZACION  
650 |a DESARROLLO SOSTENIBLE  
650 |a ECONOMIA RURAL  
650 |a CRECIMIENTO DEL EMPLEO  
650 |a DESARROLLO AGROPECUARIO  
650 |a PROTECCION AMBIENTAL  
700 |a Rodríguez Solera, Carlos Rafael  
710 |a Universidad de Costa Rica. Facultad de Ciencias Sociales. Instituto de Investigaciones Sociales  
999 |c 11330  |d 11330